| 000 | 00755nam a2200217Ia 4500 | ||
|---|---|---|---|
| 999 |
_c4655 _d4655 |
||
| 003 | OSt | ||
| 005 | 20200702201358.0 | ||
| 008 | 191128s1969 sp gr 000 0 spa d | ||
| 040 |
_aCO-JMCR _cCO-JMCR |
||
| 041 | 0 | _aspa | |
| 082 | 0 | 4 |
_a330.947085 / _bL716p _223 |
| 100 | 1 |
_aLiebermann-Shiber, Ella, _eautora _96621 |
|
| 245 | 1 | 0 |
_aPlan y beneficios en la economía Sovietica / _cElla Liebermann-Shiber |
| 250 | _aSegunda edición | ||
| 260 |
_aBarcelona : _bEdiciones Ariel, _c1969. |
||
| 300 |
_a196 páginas ; _c18 cm. |
||
| 505 | 0 | _aPrimer discusión en <<Prauda>> (1962) -- Las intervenciones de <<Kommunist>> -- Segunda discursión en <<Prauda>> | |
| 650 | 1 | 4 |
_aUnión Soviética _96622 |
| 650 | 2 | 4 |
_aPolítica económica _96623 |
| 942 |
_2ddc _cBK |
||